Nang umibig si juan tamad / (Record no. 21932)

000 -LEADER
fixed length control field 00597nam a22001577a 4500
003 - CONTROL NUMBER IDENTIFIER
control field OSt
005 - DATE AND TIME OF LATEST TRANSACTION
control field 20260126122202.0
008 - FIXED-LENGTH DATA ELEMENTS--GENERAL INFORMATION
fixed length control field 260126b xxua|||| |||| 00| 0 eng d
040 ## - CATALOGING SOURCE
Transcribing agency csu
100 ## - MAIN ENTRY--PERSONAL NAME
Personal name Enriquez, Aina
Relator term author.
245 ## - TITLE STATEMENT
Title Nang umibig si juan tamad /
Statement of responsibility, etc muling isinalaysay ni Aina Enriquez ; guhit ni Arnold Cruz ; cover design ni Mikhael Miranda.
260 ## - PUBLICATION, DISTRIBUTION, ETC. (IMPRINT)
Place of publication, distribution, etc [Place of publication not identified]:
Name of publisher, distributor, etc [name of publisher not identified],
Date of publication, distribution, etc [date of publication not identified].
300 ## - PHYSICAL DESCRIPTION
Extent 16 pages:
Other physical details color ilustrations.
700 ## - ADDED ENTRY--PERSONAL NAME
Personal name Cruz, Arnold,
Relator term nag guhit.
942 ## - ADDED ENTRY ELEMENTS (KOHA)
Source of classification or shelving scheme
Koha item type Books
Holdings
Price effective from Permanent Location Date last seen Not for loan Date acquired Source of classification or shelving scheme Koha item type Lost status Withdrawn status Copy number Source of acquisition Collection code Damaged status Barcode Shelving location Current Location Full call number
2026-01-26Cagayan State University - Carig Library2026-01-26 2026-01-26 Books  1Donation Children Section  C000948Children SectionCagayan State University - Carig LibraryCS C948 E595
2026-01-26Cagayan State University - Carig Library2026-01-26 2026-01-26 Books  2Donation Children Section C000949Children SectionCagayan State University - Carig LibraryCS C949 E595
2026-01-26Cagayan State University - Carig Library2026-01-26 2026-01-26 Books  3Donation Children Section C000950Children SectionCagayan State University - Carig LibraryCS C950 E595
2026-01-29Cagayan State University - Carig Library2026-01-29 2026-01-29 Books  4DonationChildren Section C001042Children SectionCagayan State University - Carig LibraryCS C1042 E595

Cagayan State University University Library, Carig Campus
Tuguegarao City, Cagayan 3500 | www.csucarig.edu.ph

Powered by Koha